100 литературных персонажей по их описанию - Statistics

General Stats
  • This quiz has been taken 43 times
  • The average score is 31 of 100
Answer Stats
Описание Персонаж % Correct
Эксцентричный британский детектив с нестандартным подходом в расследовании сложных дел Шерлок Холмс
97%
Выживший после кораблекрушения моряк, выживавший на необитаемом острове вместе со своим новым другом-туземцем Робинзон Крузо
88%
Мальчик, воспитанный дикими тропическими зверями Маугли
88%
Любопытная маленькая девочка, путешествующая по странным сказочным мирам Алиса
85%
Воевода Запорожской сечи, принципиальный даже в отношении собственных сыновей Тарас Бульба
85%
Нищий петербургский студент с радикальными идеями, убивший своего арендодателя и её сестру Родион Раскольников
82%
Ушлый помещик, желающий нажиться на покупке себе в имение достоверно умерших крепостных крестьян Павел Иванович Чичиков
82%
Персонифицированный образ дьявола, обитающий в реалиях Москвы 1920-х годов Воланд
79%
Сын двух мощных волшебников, судьба которого неразрывно связана с магией Гарри Поттер
76%
Искренне влюбившаяся в юношу из вражеской семьи представительница влиятельного итальянского семейства Джульетта Капулетти
74%
Ювелирных дел мастер, сумевший подковать блоху Левша
74%
Заносчивый франт, игравший с юношеской любовью одной особы и впоследствии поплатившийся за это Евгений Онегин
71%
Тягчающий о собственной душе дворянин, не решающийся оттого сделать практически ничего Илья Ильич Обломов
65%
Сосланный в город-крепость для сдерживания народного восстания Емельяна Пугачёва молодой человек голубых кровей Пётр Гринёв
65%
Грубый русский мужик, жертва эксперимента по превращению собаки в человека Полиграф Полиграфыч Шариков
65%
Причудливый испанский рыцарь, совершавший сомнительные подвиги Дон Кихот Ламанчский
65%
Летающий в небесах Швеции тролль, с которым завёл дружбу маленький мальчик Карлсон
62%
Интеллигентный русский аристократ времён Отечественной войны 1812 года, который чувствовал себя неуютно, вращаясь в высших богемных кругах Пьер Безухов
59%
Путешествующий по югу Российской империи офицер, мрачный мыслитель своего времени Григорий Печорин
59%
Безумный учёный, сумевший воскресить мертвеца с помощью электричества Виктор Франкенштейн
59%
Маленький мальчик и живая деревянная кукла-марионетка, нос которого растёт, когда тот лжёт Пиноккио
59%
Мальчик-луковица, спасающий свою страну фруктов и овощей от государственной военной диктатуры Чиполлино
59%
Частный детектив с изысканными манерами и непревзойдёнными логикой и интуицией Эркюль Пуаро
56%
Герой советского эпоса, вырвавший себе сердце, дабы осветить путь в окружающей тьме Данко
56%
Представитель расы полуросликов, отправившийся вместе с гномами в путешествие за сокровищами дракона Бильбо Бэггинс
50%
Мстящий за своего убиенного отца задумчивый дворянин из средневековой Дании Гамлет
50%
Добрый и весёлый коротышка, постоянно находящий для себя приключения Незнайка
50%
Горбатый мелкий служитель известного на весь мир католического храма, влюбившийся в красавицу-цыганку Квазимодо
50%
Разрывающаяся внутренне между любовью одновременно к двум мужчинам знатная особа, лёгшая из-за этих терзаний на рельсы под поезд Анна Каренина
50%
Принятый за высокопоставленного чиновника в маленьком провинциальном российском городе разорившийся молодой дворянин Иван Александрович Хлестаков
47%
Огородное пугало, желающее найти себе мозги Страшила
47%
Удалой солдат советской армии, прошедший почти всю Вторую мировую войну Василий Тёркин
47%
Промышляющий варкой мыла радикал-мизантроп с идеями коренного переустройства общества потребления, организовавший для этого подпольную сеть, занимающуюся в том числе проведением кулачных поединков для высвобождения в мужчинах их первобытной сущности Тайлер Дёрден
44%
Вызволенный из старой бутылки обычным советским ребёнком джинн, исполняющий желания Хоттабыч
44%
Невообразимое древнее чудище, терроризирующее маленький американский город в образе зловещего клоуна Пеннивайз
44%
Ловкий аферист, играющий на пороках российского общества революционных времён Остап Бендер
41%
Русский купец, спустившийся на дно морское к его царю Садко
41%
Неказистый болотный тролль, посланный королём на вызволение своей дочери-принцессы в замок, охраняемый драконом Шрек
41%
Кроткий молодой русский князь, получивший богатое наследство из-за границы, которым всячески пытается завладеть его окружение в столице Лев Николаевич Мышкин
38%
Меланхоличный немецкий учёный, поспоривший с дьяволом о том, заслуживают ли люди прощения своих пороков Фауст
38%
Неуклюжий туповатый чешский солдат начала XX века, под стать своему окружению Швейк
35%
Темнокожий господин, из подозрений в измене задушивший свою жену Отелло
35%
Советский разведчик, просочившийся в глубокий тыл немецко-нацистского гестапо Макс Отто фон Штирлиц / Максим Максимович Исаев / Всеволод Владимиров
35%
Детектив родом из Российской империи, представитель знати, не боящийся бросить вызов даже высшему руководству страны Эраст Фандорин
32%
Суровый, но весьма справедливый даже в своей жестокости дон итальянской мафии Вито Корлеоне
32%
Утончённый британский сердцеед, скрывающий свою порочность на чердаке дома Дориан Грей
32%
Прибывший в старый русский город своей юности горящий гуманистическими идеями молодой человек из знати, поражающийся несправедливости и вычурности местных порядков, годами не меняющихся Александр Андреевич Чацкий
32%
Разительно отличающаяся от своего доброго прототипа, интеллигентного английского врача, тёмная половина его личности, ужасный нищий скряга со скверными манерами Эдвард Хайд
29%
Скупой богатей, оставшийся совсем один под Рождество и посещённый тремя его духами Скрудж
29%
Бывалый мореплаватель с причудливыми историями, пустившийся в кругосветное путешествие в компании своего верного боцмана и случайного пассажира с футляром от контрабаса Христофор Бонифатьевич Врунгель
26%
Крайне бедный мальчик, скитающийся по Лондону в поисках даже самой мелкой работы Оливер Твист
26%
Маленький мальчик из американской бедной семьи, белокурый и простодушный повеса Гекльберри Финн
24%
Чувствительный мужчина, похитивший маленькую девочку, которая начала им верховодить Гумберт Гумберт
18%
Потерпевший аварию в заснеженных горах Колорадо писатель женских романов, попавшийся после неё в лапы неадекватной фанатки его творчества, насильно заставлявшей его писать продолжение уже завершённой истории её любимой героини Пол Шелдон
18%
Средневековый рыцарь, собравший вокруг себя отряд храбрых воинов Айвенго
18%
Воспитанница престижного английского женского училища, сталкивающаяся с жизненными тяготами по причине стигм общества Джейн Эйр
15%
Незаконно рождённый от простолюдинки сын главы влиятельного рода в мрачном жестоком фэнтезийном мире, которого, тем не менее, отец очень любит, несмотря на кривотолки в свою сторону Джон Сноу
15%
Потомок крепостных крестьян, выкупивший богатое имение, где работали его предки, дабы уничтожить в нём красивый зелёный уголок из сословной мести Ермолай Лопахин
15%
Участник пожарной бригады в антиутопическом будущем, занимающейся по долгу службы сожжением книг, который осмелился сам начать читать книги, что в его государстве запрещено законом Гай Монтэг
15%
Рекламщик сложной судьбы, попавший в сложные перипетии реалий российских девяностых Вавилен Татарский
12%
Мелкий служащий, обнаруживший одним утром себя лежащим на постели навзничь огромным жуком Грегор Замза
12%
Мелкий сотрудник печатного ведомства, начинающий видеть тоталитарную сущность государства, в котором он живёт Винстон Смит
12%
Обладающая собственным разумом полностью водная планета Солярис
12%
Арестованный одним утром непонятно вообще за что обычный служащий, желающий банально разобраться в этой абсурдной ситуации, так как несмотря на это, он всё ещё на свободе Йозеф К.
9%
Странствующий философ, проповедующий нетривиальную форму высшей морали Заратустра
9%
Молодой учёный, волею судеб оказавшийся в причудливом полу-сказочном городе Соловец и начавший работать при его Научно-исследовательском институте чародейства и волшебства Александр Привалов
9%
Средневековый английский военачальник, по настоянию жены и трёх ведьм шедший к власти максимально кровавым путём Макбет
9%
Капитан морского судна, обезумевший от жажды поймать большого белого кита Ахав
9%
Попавший в элитное тайное общество вампиров простой русский молодой парень Роман Шторкин / Рама II
9%
Бросивший свою нью-йоркскую школу экзальтированный подросток с чистыми помыслами в отношении грядущих поколений Холден Колфилд
6%
Детектив будущего, ищущий беглых андроидов-девиантов Рик Декард
6%
Наследный принц знатного рода межпланетных землевладельцев, ставший властелином-мессией для коренного народа пустынной планеты, в недрах которой залегает ценный универсальный ресурс Пол Атрейдес
6%
Девушка-детектив, ловко расследующая самые запутанные бытовые преступления в разных частях земного шара Нэнси Дрю
6%
Арабский странник, попадающий на своём пути в курьёзные ситуации Ходже Насреддин
6%
Древний человек, побывавший в загробном мире и вернувшийся из него Гильгамеш
6%
Похищенный инопланетянами престарелый ветеран Второй мировой на стороне войск союзников, переживший нацистский плен и бомбардировку Дрездена советской армией Билли Пилигрим
6%
Брутальный американский детектив, не гнушающийся использовать грубую силу в отношении преступников Майк Хаммер
6%
Живущий в чаще леса гном, принимавший у себя в гостях путешественников, несущих артефакт-кольцо к месту, где то было выковано, дабы уничтожить его и тем самым избавить мир от нависшей угрозы большого зла Том Бомбадил
6%
Лишившаяся ещё в нежном возрасте буквально всего наследница влиятельного французского сословия, прошедшая через все ужасы Буржуазной революции Жюстина
3%
Ирландский алкоголик, спасающий своего друга-собутыльника от неприятностей в течение одного дня Леопольд Блум
3%
Избалованное дитя уездного градоначальника, не способное к наукам и искусствам и оттого старающееся перекроить их на свой лад Иудушка Головлёв
3%
Античный философ, поглощённый тёмными идеями Тимон
3%
Начинающий драматург из провинции, сильно зависящий от своей матери, относящейся к его творчеству в большей степени с пренебрежением Треплев
3%
Французский рабочий, в котором всё больше зарождается чувство видения тщетности бытия Антуан Рокантен
3%
Уволенный с производства русский рабочий, от безысходности записавшийся в артель к землекопам Вощёв
3%
Работающая элитной проституткой при известном московском отеле лисица-оборотень А Хули
3%
Последний пьянчуга, но вместе с тем единственный нормальный обитатель прибрежного зловещего рыбацкого американского городка Зедок Аллен
3%
Незадачливый странствующий волшебник, сумевший выучить лишь пару заклинаний и живущий на планете в вине диска на спине гигантской космической черепахи Ринсвинд
3%
Затворник-скрипач, живущий на чердаке и видящий, как по ночам в городе по улицам снуют древние чудища Эрих Цанн
3%
Французский врач, переписывающийся со своей возлюбленной родом из нацистской Германии Равик
3%
Притягательный внешне активист российского подпольного анти-монархистского движения прямого действия Николай Ставрогин
3%
Полунищий художник, некогда бросивший свою сытую богемную жизнь ради чистого искусства Чарльз Стрикленд
3%
Эксцентричный американский журналист, употребляющий колоссальное количество психоактивных веществ Рауль Дюк
3%
Француз, обвинённый судом в преступлении на основании его "чёрствости" по причине непосещения похорон собственной матери Мерсо
3%
Внутренне очень добрый уборщик в научном центре по изучению мозга, имеющий сильную задержку в умственном развитии, который соглашается на эксперимент по пересадке ему мозга мыши Чарли Гордон
3%
Японская ученица старших классов, большая заводила, не подозревающая о том, что является, по сути, богом для всего окружающего её мира Харухи Судзумия
3%
Блаженный русский деревенский дурачок, желавший при жизни всем лишь добра, но всё равно местным обществом принятый лишь после своей смерти Юшка
3%
Крошечный мальчик в шляпе-треуголке, полный боевого энтузиазма Бибигон
3%
Путешествующий по средневековым городам хитрый лис-авантюрист Ренар
0%
Крутой нравом американский детектив, которого гложет смерть его верного напарника Сэм Спейд
0%
No matching quizzes found
Score Distribution
Percent of People with Each Score
Percentile by Number Answered
Your Score History
You have not taken this quiz